Pianthak zaw ah bang? / (Record no. 4630)

MARC details
000 -LEADER
fixed length control field 00409nam a22001577a 4500
003 - CONTROL NUMBER IDENTIFIER
control field GBCCL
005 - DATE AND TIME OF LATEST TRANSACTION
control field 20241126110523.0
008 - FIXED-LENGTH DATA ELEMENTS--GENERAL INFORMATION
fixed length control field 180129b xxu||||| |||| 00| 0 eng d
040 ## - CATALOGING SOURCE
Transcribing agency gbc
082 ## - DEWEY DECIMAL CLASSIFICATION NUMBER
Classification number VER 248.4
Item number KHA
245 ## - TITLE STATEMENT
Title Pianthak zaw ah bang? /
Statement of responsibility, etc. Edited by Kh. Khaizakham
260 ## - PUBLICATION, DISTRIBUTION, ETC.
Name of publisher, distributor, etc. Thianneiting,
Place of publication, distribution, etc. Imphal:
Date of publication, distribution, etc. 2012
300 ## - PHYSICAL DESCRIPTION
Extent 85 p.;
Dimensions 23 cm.
650 ## - SUBJECT ADDED ENTRY--TOPICAL TERM
Topical term or geographic name entry element Christian life
9 (RLIN) 183
942 ## - ADDED ENTRY ELEMENTS (KOHA)
Source of classification or shelving scheme Dewey Decimal Classification
Koha item type Books
Koha issues (borrowed), all copies 4
Holdings
Withdrawn status Lost status Source of classification or shelving scheme Damaged status Not for loan Collection Home library Current Library Shelving location Date acquired Total checkouts Total renewals Full call number Barcode Date last seen Date last checked out Copy number Price effective from Koha item type
    Dewey Decimal Classification       GRACE BIBLE COLLEGE GRACE BIBLE COLLEGE Vernacular 2018-01-29 2 1 VER 248.4 KHA 010719 2025-05-01 2019-03-22 c.1 2018-01-29 Books
    Dewey Decimal Classification       GRACE BIBLE COLLEGE GRACE BIBLE COLLEGE Vernacular 2018-01-29 1   VER 248.4 KHA 010720 2025-05-01 2019-03-01 c.2 2018-01-29 Books
    Dewey Decimal Classification       GRACE BIBLE COLLEGE GRACE BIBLE COLLEGE Vernacular 2018-01-29 1   VER 248.4 KHA 010721 2025-05-01 2019-01-10 c.3 2018-01-29 Books
© Grace Bible College Library 2025